000 01310nam0a2200325 4500
001 RU\NLR\bibl\1290883
005 20260406164212.0
010 _a978-5-8112-3351-9
_97000
021 _aRU
_b2008-71414
_94086
035 _a(NLR Aleph) 001276564
090 _a472334
_c472334
100 _a20081031d2008 |||y0rusy50 ca
101 0 _arus
_aeng
102 _aRU
105 _aa |||||||||
200 1 _aВинни-Пух
_fАлан Александер Милн
_gадаптация текста, коммент., словарь К.В. Ингал
_gупражнения Е.В. Кошмановой
210 _aМосква
_cАйрис пресс
_d2008
215 _a173, [2] c.
_cил.
_d21
225 1 _aАнглийский клуб
_iElementary
225 1 _aДомашнее чтение
606 0 _aАнглийский язык
_jХрестоматии
_9972309
_3RU\NLR\auth\6646032
686 _aШ143.21-93рус21[5/6]хрест
686 _aШ143.21-93рус221[2/3]хрест
700 1 _4070
_7ca
_8rus
_aМилн
_bА. А.
_f1882-1956
_gАлан Александер
_9120363
_3RU\NLR\auth\7710595
702 1 _aИнгал
_bК. В.
_gКира Владимировна
_4570
801 0 _aRU
_bNLR
_c20081031
_gRCR
801 1 _aRU
_bNLR
_c20081031
942 _cBOOK
980 _aNB